| 000 | 00957nas a2200313 4500 | ||
|---|---|---|---|
| 001 | BR0800286 | ||
| 003 | BR-BrBNA | ||
| 005 | 20231205111443.0 | ||
| 007 | ta | ||
| 008 | 230509b bl.|||p| |||| 00| 00por d | ||
| 040 |
_aBR-BrBNA _bpor _cBiblioteca Nacional de Agricultura |
||
| 041 | _a(Pt) | ||
| 072 | _aH10; L60 | ||
| 100 | 1 | _aCampos-Farinha, A.E. de C. | |
| 100 | 1 | _aBergmann, E.C. | |
| 100 | 1 | _aFaria, A.M. de | |
| 100 | 1 | _aLara, R.I.R. | |
| 245 | 1 | _aMirmecofauna em cultura de seringueira (Hevea Brasiliensis)no município de Ibitinga, São Paulo | |
| 650 | _aPRAGA DE PLANTA | ||
| 650 | _aFAUNA | ||
| 650 | _aSERINGUEIRA | ||
| 650 | _aFORMIGA | ||
| 650 | _aINSETO PARA CONTROLE BIOLÓGICO | ||
| 650 | _aIBITINGA | ||
| 650 | _aSÃO PAULO | ||
| 773 | 0 |
_tArquivos do Instituto Biológico (Brazil) _xISSN 0020-3653 _g(Jul-Dec 1997), v. 64(2) p. 103-109 _wBR0800286 |
|
| 909 |
_a202311 _bLúcia _c55 _dLúcia Elande |
||
| 942 |
_2AGRIS _n0 _cANA |
||
| 999 |
_c192818 _d192818 |
||